| 000 | 00732na a2200253 4500 | ||
|---|---|---|---|
| 001 | 17524 | ||
| 003 | MIRAKIL | ||
| 005 | 20181213155156.0 | ||
| 008 | 161025b tu 000 0 | ||
| 020 | _a9757741159 | ||
| 035 | _a17524 | ||
| 040 |
_aMilas _btur _cTR-AnCHP |
||
| 041 | _atur | ||
| 082 |
_a352.1 _bB34 1993 |
||
| 090 | _a352.1 B34 1993 | ||
| 245 |
_aBelediyelerde mali yönetim _cHazırlayan Sadun Emrealp |
||
| 260 |
_aAnkara _bToplu Konut İdaresi Başkanlığı _c1993 |
||
| 300 |
_aiv, 86 s. _c24 sm. |
||
| 440 |
_aYerel yönetimin geliştirilmesi programı el kitapları dizisi _v2 |
||
| 504 | _aKaynakça var. | ||
| 650 |
_aYerel yönetimler _xMali yönetim |
||
| 700 | _aEmrealp, Sadun | ||
| 942 |
_2ddc _cBKS |
||
| 999 |
_c7982 _d7982 |
||